Watch brands, how many you can name? - Statistics

General Stats
  • This quiz has been taken 247 times
  • The average score is 44 of 500
Answer Stats
Hint Answer % Correct
390 Rolex
97%
339 Omega
80%
349 Patek Philippe
79%
80 Casio
77%
432 TAG Heuer
77%
447 Tissot
76%
32 Audemars Piguet
72%
79 Cartier
72%
194 Grand Seiko
72%
61 Breitling
67%
452 Tudor
67%
386 Richard Mille
65%
277 Longines
61%
430 Swatch
61%
220 Hublot
60%
459 Vacheron Constantin
58%
230 IWC
57%
208 Hamilton
56%
100 Citizen
51%
320 Montblanc
51%
234 Jaeger-LeCoultre
49%
284 Louis Vuitton
45%
347 Panerai
45%
1 A. Lange & Söhne
44%
59 Breguet
44%
65 Bulgari
44%
231 Jacob & Co.
44%
200 Gucci
42%
373 Rado
42%
53 Blancpain
41%
446 Timex
41%
343 Orient
40%
496 Zenith
40%
334 NOMOS
38%
175 Fossil
37%
344 Oris
36%
19 Apple
35%
66 Bulova
35%
93 Chopard
33%
190 Glashütte Original
33%
358 Piaget
33%
179 Frederique Constant
32%
456 Ulysse Nardin
32%
163 F.P.Journe
30%
178 Franck Muller
30%
216 Hermès
30%
311 Mido
28%
42 Baume & Mercier
27%
98 Christopher Ward
27%
260 Laco
27%
87 Chanel
26%
415 Sinn
26%
227 Invicta
24%
389 Roger Dubuis
24%
44 Bell & Ross
23%
86 Certina
23%
62 Bremont
22%
246 Junghans
22%
466 Versace
22%
24 Armani
21%
119 Daniel Wellington
21%
133 Dior
21%
188 Girard Perregaux
21%
221 HUGO
21%
300 Maurice Lacroix
21%
301 Mb&f
21%
378 Ralph Lauren
21%
499 Zodiac
21%
307 Michael Kors
20%
324 Movado
20%
72 Calvin Klein
19%
168 Festina
19%
195 Greubel Forsey
18%
203 H.Moser & Cie.
18%
449 Tommy Hilfiger
18%
478 Vostok
18%
492 Yema
18%
11 Alpina
17%
26 Arnold & Son
17%
138 Doxa
17%
261 Lacoste
17%
39 Ball
16%
58 Bovet
16%
379 Raymond Weil
16%
184 Garmin
15%
443 Tiffany
15%
457 Universal Genève
15%
462 Van Cleef & Arpels
15%
131 Diesel
14%
329 Nike
14%
348 Parmigiani Fleurier
14%
109 Corum
13%
142 Ebel
13%
201 Guess
13%
236 Jaquet-Droz
13%
283 Louis Moinet
13%
296 Maserati
13%
364 Poljot
13%
480 Vulcain
13%
64 Bucherer
12%
111 Cronus
12%
122 De Bethune
12%
185 Gérald Genta
12%
365 Porsche
12%
455 U-Boat
12%
498 Zeppelin
12%
25 Armin Strom
11%
68 Burberry
11%
77 Carl F. Bucherer
11%
159 Eterna
11%
210 Harry Winston
11%
222 Hugo Boss
11%
223 Ice Watch
11%
254 Konstantin Chaykin
11%
318 Mondaine
11%
369 Pulsar
11%
426 Stowa
11%
99 Chronoswiss
10%
172 Formex
10%
384 Ressence
10%
40 Balmain
9%
117 Damasko
9%
149 Emporio Armani
9%
169 Flik Flak
9%
173 Fortis
9%
193 Graham
9%
209 Hanhart
9%
280 Lorus
9%
288 Luminox
9%
370 Puma
9%
147 Elgin
8%
204 Habring
8%
218 Heuer
8%
265 Laurent Ferrier
8%
325 Mühle Glashütte
8%
393 Rotary
8%
412 Sevenfriday
8%
413 Shinola
8%
416 Skagen
8%
479 Voutilainen
8%
485 Wenger
8%
8 Alexander Shorokhoff
7%
57 Boucheron
7%
85 Cerruti
7%
92 Chaumet
7%
104 Coach
7%
114 Cyma
7%
118 Daniel Roth
7%
128 Delma
7%
144 Edox
7%
191 Glycine
7%
192 Graf
7%
196 Grönefeld
7%
226 Ingersoll
7%
281 Lotus
7%
282 Louis Erard
7%
314 Minerva
7%
376 Raketa
7%
422 Squale
7%
425 Steinhart
7%
431 Swiss Military
7%
453 Tutima
7%
482 Waltham
7%
494 Yves Saint Laurent
7%
500 ZRC
7%
3 Accurist
6%
30 Ateliers deMonaco
6%
90 Charriol
6%
97 Christophe Claret
6%
105 Concord
6%
115 Cyrus
6%
125 Deep Blue
6%
136 Dolce & Gabbana
6%
143 Eberhard & Co.
6%
167 Fendi
6%
211 Hautlence
6%
241 JeanRichard
6%
243 Jorg Hysek
6%
272 Linde Werdelin
6%
274 Liv Watches
6%
297 Mathey-Tissot
6%
299 Maurice de Mauriac
6%
302 Meccaniche Veloci
6%
333 Nixon
6%
363 Police
6%
410 Sekonda
6%
428 Stuhrling
6%
454 TW Steel
6%
469 Victorinox Swiss Army
6%
487 Wittnauer
6%
493 Yes Watch
6%
15 Angelus
5%
47 Benzinger
5%
112 Cuervo y Sobrinos
5%
121 Davosa
5%
186 Gevril
5%
263 Lanco
5%
316 Momentum
5%
331 Nivada
5%
337 Olivia Burton
5%
353 Perrelet
5%
392 Romain Jerome
5%
421 Spinnaker
5%
6 Aigner
4%
9 Alfred Dunhill
4%
17 Anne Klein
4%
38 B.R.M
4%
73 Calypso
4%
89 Charmex
4%
116 D.Dornblüth & Sohn
4%
126 DeLaCour
4%
134 DKNY
4%
154 Epos
4%
214 Henry London
4%
228 Iron Annie
4%
244 Juicy Couture
4%
249 Kate Spade New York
4%
264 Lang & Heyne
4%
271 Limit
4%
285 Louis XVI
4%
287 Lüm-Tec
4%
303 Meistersinger
4%
310 Michele
4%
319 Mondia
4%
327 Nautica
4%
330 Nina Ricci
4%
350 Paul Picot
4%
356 Philip Stein
4%
357 Philip Watch
4%
371 Quinting
4%
388 Roamer
4%
427 Strom
4%
435 Technomarine
4%
437 Ted Baker
4%
468 Viceroy
4%
4 Aerowatch
3%
48 Bering
3%
49 Bertolucci
3%
84 Century
3%
101 Claude Bernard
3%
113 Cvstos
3%
123 De Grisogono
3%
146 Election
3%
148 Elysee
3%
162 EverSwiss
3%
213 Helvetia
3%
224 Ikepod
3%
247 Junkers
3%
251 Kenneth Cole
3%
268 Lemania
3%
312 Milleret
3%
359 Pierre Balmain
3%
360 Pierre Cardin
3%
362 Pierre Kunz
3%
382 Record
3%
400 Salvatore Ferragamo
3%
411 Seksy
3%
461 Valentino
3%
491 Yantar
3%
495 Zeitwinkel
3%
5 Aigle
2%
13 Andersen Genève
2%
16 Angular Momentum
2%
18 Anonimo
2%
22 Aristo
2%
23 Armand Nicolet
2%
60 Breil
2%
103 Clerc
2%
151 Enicar
2%
153 Eone
2%
164 Fabergé
2%
165 Favre-Leuba
2%
182 Gant
2%
219 Hirsch
2%
293 Marlboro
2%
308 Michel Herbelin
2%
323 Moritz Grossmann
2%
381 REC Watches
2%
401 Sandoz
2%
420 Speake-Marin
2%
448 Titus
2%
458 Urban Jürgensen
2%
464 Vangarde
2%
484 Wempe
2%
7 Alain Silberstein
1%
28 Artya
1%
31 Atlantic
1%
33 Auguste Reymond
1%
37 Azzaro
1%
43 Bedat & Co
1%
45 Ben Sherman
1%
50 Beuchat
1%
56 Bomberg
1%
63 Bruno Söhnle
1%
120 Davidoff
1%
140 DuBois 1785
1%
141 Dugena
1%
155 Ernest Borel
1%
158 Esprit
1%
180 Gaga Milano
1%
181 Gallet
1%
198 Gruen
1%
215 Hentschel Hamburg
1%
225 Illinois
1%
245 Jules Jürgensen
1%
252 Kienzle
1%
253 Kobold
1%
257 Kronsegler
1%
269 Leonidas
1%
258 L'Epée
1%
270 Limes
1%
273 Lipsy
1%
259 L.Leroy
1%
276 Locman
1%
278 Longio
1%
279 Lorenz
1%
286 Lucien Rochat
1%
290 M.A.D. Editions
1%
295 Marvin
1%
298 Mauboussin
1%
315 Missguided
1%
321 Montega
1%
328 Nethuns
1%
340 Orator
1%
342 Orfina
1%
351 Pequignet
1%
352 Perigáum
1%
366 Prim
1%
380 Rebellion
1%
385 Revue Thommen
1%
396 RSW
1%
406 Schwarz Etienne
1%
417 Slava
1%
398 S.Oliver
1%
399 S.T. Dupont
1%
429 Superdry
1%
473 Vivienne Westwood
1%
474 Vixa
1%
488 Wyler
1%
489 Wyler Vetta
1%
2 ABP Paris
0%
10 Alfred Rochat & Fils
0%
12 Amelia Austin
0%
14 Andreas Osten
0%
20 Aquanautic
0%
21 Aquastar
0%
27 Artisanal
0%
29 Askania
0%
34 Auricoste
0%
35 Avier
0%
36 Azimuth
0%
41 Barington
0%
46 Benrus
0%
51 Bifora
0%
52 Black-Out Concept
0%
54 Boegli
0%
55 Bogner Time
0%
67 Bunz
0%
69 BWC-Swiss
0%
70 Cabestan
0%
71 Cadet Chronostar
0%
74 Camel Active
0%
75 Camille Fournet
0%
76 Candino
0%
78 Carlo Ferrara
0%
81 Catena
0%
82 Catorex
0%
83 Cattin
0%
88 Charlotte Raffaelli
0%
91 Chase-Durer
0%
94 Chris Benz
0%
95 Christiaan v.d. Klaauw
0%
96 Christofle
0%
102 Claude Meylan
0%
106 Condor
0%
107 Cornehl
0%
108 Cortébert
0%
110 Crockett & Jones
0%
124 Decade
0%
127 DeLaneau
0%
129 Devon
0%
130 Dewitt
0%
132 Dietrich
0%
135 Dodane
0%
137 Dom Baiz International
0%
139 Dubey & Schaldenbrand
0%
145 Eichmüller
0%
150 Engelhardt
0%
152 Ennebi
0%
156 Ernst Benz
0%
157 Erwin Sattler
0%
160 Eulit
0%
161 Eulux
0%
166 Feldo
0%
170 Fluco
0%
171 Fludo
0%
174 Forum
0%
177 Franck Dubarry
0%
176 Franc Vila
0%
183 Gardé
0%
187 Gigandet
0%
189 Giuliano Mazzuoli
0%
197 Grovana
0%
199 Gübelin
0%
205 Hacher
0%
206 Haemmer
0%
207 Hagal
0%
212 Hebdomas
0%
217 Herzog
0%
202 H.I.D. Watch
0%
229 Itay Noy
0%
232 Jacques Etoile
0%
233 Jacques Lemans
0%
235 Jaermann & Stübi
0%
237 JB Gioacchino
0%
238 Jean d'Eve
0%
239 Jean Lassale
0%
240 Jean Marcel
0%
242 Joop
0%
248 Juvenia
0%
250 Kelek
0%
255 Korloff
0%
256 Krieger
0%
262 Lancaster
0%
266 Lebeau-Courally
0%
267 Leinfelder
0%
275 LLARSEN
0%
289 M&M Swiss Watch
0%
291 Marcello C.
0%
292 Margi
0%
294 Martin Braun
0%
304 Mercure
0%
305 Meva
0%
306 Meyers
0%
309 Michel Jordi
0%
313 Milus
0%
317 Momo Design
0%
322 Morellato
0%
326 N.B. Yäeger
0%
332 Nivrel
0%
335 Nouvelle Horlogerie Calabrese (NHC)
0%
336 Officina del Tempo
0%
338 Ollech & Wajs
0%
341 Orbita
0%
345 Out of Order
0%
346 Pacardt
0%
354 Perseo
0%
355 Phantoms
0%
361 Pierre DeRoche
0%
367 Pro-Hunter
0%
368 Pryngeps
0%
372 Radley
0%
374 Raidillon
0%
375 Rainer Brand
0%
377 Ralf Tech
0%
383 Reflex Active
0%
387 Rios1931
0%
391 Rolf Lang
0%
394 Rothenschild
0%
395 ROWI
0%
397 Ryser Kentfield
0%
402 Sarcar
0%
403 Scalfaro
0%
404 Schäuble & Söhne
0%
405 Schaumburg
0%
407 Sea-God
0%
408 Sector
0%
409 Sekford
0%
414 Sicura
0%
418 Snyper
0%
419 Sothis
0%
423 Starkiin
0%
424 Steelcraft
0%
433 Tavannes
0%
434 TB Buti
0%
436 Technos
0%
438 Temption
0%
439 Tendence
0%
440 Terra Cielo Mare
0%
441 Theorein
0%
442 Thomas Ninchritz
0%
444 Tikkers Smart
0%
445 Timberland Watches
0%
450 Tonino Lamborghini
0%
451 Traser
0%
460 Valbray
0%
463 Van Der Bauwede
0%
465 Ventura
0%
467 Vianney Halter
0%
470 Villemont
0%
471 Vincent Calabrese
0%
472 Visconti
0%
475 Vogard
0%
476 Vollmer
0%
477 Volna
0%
481 Wakmann
0%
483 Welder
0%
486 Werenbach
0%
490 Xemex
0%
497 Zeno-Watch Basel
0%
No matching quizzes found
Score Distribution
Percent of People with Each Score
Percentile by Number Answered
Your Score History
You have not taken this quiz